Clinical surgery. (3rd ed.) (Record no. 31053)

MARC details
000 -LEADER
fixed length control field 00635nam a2200169 a 4500
008 - FIXED-LENGTH DATA ELEMENTS--GENERAL INFORMATION
fixed length control field 130515s2012 ||||||||||||||||| || u
020 ## - INTERNATIONAL STANDARD BOOK NUMBER
International Standard Book Number 9780702030703
050 ## - LIBRARY OF CONGRESS CALL NUMBER
Classification number RD 31 Cli
100 ## - MAIN ENTRY--PERSONAL NAME
Personal name Thompson, Jeremy N
245 10 - TITLE STATEMENT
Title Clinical surgery. (3rd ed.)
Statement of responsibility, etc. edited by Michael M. Henry and Jeremy N. Thompson
250 ## - EDITION STATEMENT
Edition statement 3rd ed.
260 ## - PUBLICATION, DISTRIBUTION, ETC.
Place of publication, distribution, etc. London
Name of publisher, distributor, etc. Elsevier
Date of publication, distribution, etc. 2012
300 ## - PHYSICAL DESCRIPTION
Extent xiv, 758p.: ill.
650 ## - SUBJECT ADDED ENTRY--TOPICAL TERM
Topical term or geographic name entry element CLINICAL SURGERY
700 ## - ADDED ENTRY--PERSONAL NAME
Personal name Henry, Michael M
995 ## -
-- MEDICAL LIBRARY OPEN ACCESS
-- 902028
-- CBU-SCHOOL OF MEDICINE LIBRARY (Ndola)
-- RD 31 Cli
-- 1
-- AVAILABLE
-- May 20, 2013
-- 902028
-- Medical Library Open Access Collection
999 ## -
-- 31053
-- 31053
Holdings
Withdrawn status Lost status Source of classification or shelving scheme Damaged status Not for loan Permanent Location Current Location Shelving location Date acquired Total Checkouts Total Renewals Full call number Barcode Date last seen Date last checked out Price effective from Koha item type
          CBU-SCHOOL OF MEDICINE LIBRARY, NDOLA. CBU-SCHOOL OF MEDICINE LIBRARY, NDOLA.   11/30/2022 3 2 RD 31 Cli 902028 10/20/2025 07/01/2025 11/30/2022 MONOGRAPH